<?xml version="1.0" encoding="UTF-8"?>
<record
    xmlns:xsi="http://www.w3.org/2001/XMLSchema-instance"
    xsi:schemaLocation="http://www.loc.gov/MARC21/slim http://www.loc.gov/standards/marcxml/schema/MARC21slim.xsd"
    xmlns="http://www.loc.gov/MARC21/slim">

  <leader>02240nam0a2200349 i 4500</leader>
  <controlfield tag="001">RU\NLR\bibl\2038926</controlfield>
  <controlfield tag="005">20260407094955.0</controlfield>
  <datafield tag="010" ind1=" " ind2=" ">
    <subfield code="a">9785940673811</subfield>
    <subfield code="9">120</subfield>
  </datafield>
  <datafield tag="021" ind1=" " ind2=" ">
    <subfield code="a">RU</subfield>
    <subfield code="b">2013-34600</subfield>
    <subfield code="9">2370</subfield>
  </datafield>
  <datafield tag="035" ind1=" " ind2=" ">
    <subfield code="a">(NLR Aleph) 002026262</subfield>
  </datafield>
  <datafield tag="090" ind1=" " ind2=" ">
    <subfield code="a">4528577</subfield>
    <subfield code="c">4528577</subfield>
  </datafield>
  <datafield tag="100" ind1=" " ind2=" ">
    <subfield code="a">20130603d2013    k  y0rusy50      ca</subfield>
  </datafield>
  <datafield tag="101" ind1="0" ind2=" ">
    <subfield code="a">rus</subfield>
  </datafield>
  <datafield tag="102" ind1=" " ind2=" ">
    <subfield code="a">RU</subfield>
  </datafield>
  <datafield tag="105" ind1=" " ind2=" ">
    <subfield code="a">a   |||||||||</subfield>
  </datafield>
  <datafield tag="200" ind1="1" ind2=" ">
    <subfield code="a">&#x41F;&#x430;&#x43B;&#x435;&#x43E;&#x433;&#x440;&#x430;&#x444;&#x438;&#x44F;, &#x43A;&#x43E;&#x434;&#x438;&#x43A;&#x43E;&#x43B;&#x43E;&#x433;&#x438;&#x44F;, &#x434;&#x438;&#x43F;&#x43B;&#x43E;&#x43C;&#x430;&#x442;&#x438;&#x43A;&#x430;</subfield>
    <subfield code="e">&#x441;&#x43E;&#x432;&#x440;&#x435;&#x43C;&#x435;&#x43D;&#x43D;&#x44B;&#x439; &#x43E;&#x43F;&#x44B;&#x442; &#x438;&#x441;&#x441;&#x43B;&#x435;&#x434;&#x43E;&#x432;&#x430;&#x43D;&#x438;&#x44F; &#x433;&#x440;&#x435;&#x447;&#x435;&#x441;&#x43A;&#x438;&#x445;, &#x43B;&#x430;&#x442;&#x438;&#x43D;&#x441;&#x43A;&#x438;&#x445; &#x438; &#x441;&#x43B;&#x430;&#x432;&#x44F;&#x43D;&#x441;&#x43A;&#x438;&#x445; &#x440;&#x443;&#x43A;&#x43E;&#x43F;&#x438;&#x441;&#x435;&#x439; &#x438; &#x434;&#x43E;&#x43A;&#x443;&#x43C;&#x435;&#x43D;&#x442;&#x43E;&#x432;</subfield>
    <subfield code="e">&#x43C;&#x430;&#x442;&#x435;&#x440;&#x438;&#x430;&#x43B;&#x44B; &#x41C;&#x435;&#x436;&#x434;&#x443;&#x43D;&#x430;&#x440;&#x43E;&#x434;&#x43D;&#x43E;&#x439; &#x43D;&#x430;&#x443;&#x447;&#x43D;&#x43E;&#x439; &#x43A;&#x43E;&#x43D;&#x444;&#x435;&#x440;&#x435;&#x43D;&#x446;&#x438;&#x438; &#x432; &#x447;&#x435;&#x441;&#x442;&#x44C; 75-&#x43B;&#x435;&#x442;&#x438;&#x44F; &#x434;&#x43E;&#x43A;&#x442;&#x43E;&#x440;&#x430; &#x438;&#x441;&#x442;&#x43E;&#x440;&#x438;&#x447;&#x435;&#x441;&#x43A;&#x438;&#x445; &#x43D;&#x430;&#x443;&#x43A;, &#x447;&#x43B;&#x435;&#x43D;&#x430;-&#x43A;&#x43E;&#x440;&#x440;&#x435;&#x441;&#x43F;&#x43E;&#x43D;&#x434;&#x435;&#x43D;&#x442;&#x430; &#x410;&#x444;&#x438;&#x43D;&#x441;&#x43A;&#x43E;&#x439; &#x410;&#x43A;&#x430;&#x434;&#x435;&#x43C;&#x438;&#x438; &#x411;&#x43E;&#x440;&#x438;&#x441;&#x430; &#x41B;&#x44C;&#x432;&#x43E;&#x432;&#x438;&#x447;&#x430; &#x424;&#x43E;&#x43D;&#x43A;&#x438;&#x447;&#x430;, &#x41C;&#x43E;&#x441;&#x43A;&#x432;&#x430;, 27-28 &#x444;&#x435;&#x432;&#x440;&#x430;&#x43B;&#x44F; 2013 &#x433;.</subfield>
    <subfield code="f">[&#x440;&#x435;&#x434;&#x43A;&#x43E;&#x43B;.: &#x418;.&#x413;. &#x41A;&#x43E;&#x43D;&#x43E;&#x432;&#x430;&#x43B;&#x43E;&#x432;&#x430; (&#x43E;&#x442;&#x432;. &#x440;&#x435;&#x434;.) &#x438; &#x434;&#x440;.]</subfield>
  </datafield>
  <datafield tag="210" ind1=" " ind2=" ">
    <subfield code="a">&#x41C;&#x43E;&#x441;&#x43A;&#x432;&#x430;</subfield>
    <subfield code="c">&#x418;&#x412;&#x418;</subfield>
    <subfield code="d">2013</subfield>
  </datafield>
  <datafield tag="215" ind1=" " ind2=" ">
    <subfield code="a">397 &#x441;.</subfield>
    <subfield code="c">&#x438;&#x43B;.</subfield>
    <subfield code="d">21</subfield>
  </datafield>
  <datafield tag="300" ind1=" " ind2=" ">
    <subfield code="a">&#x412; &#x43D;&#x430;&#x434;&#x437;&#x430;&#x433;.: &#x420;&#x43E;&#x441;. &#x430;&#x43A;&#x430;&#x434;. &#x43D;&#x430;&#x443;&#x43A;, &#x418;&#x43D;-&#x442; &#x432;&#x441;&#x435;&#x43E;&#x431;&#x449;&#x435;&#x439; &#x438;&#x441;&#x442;&#x43E;&#x440;&#x438;&#x438;, &#x41E;&#x442;&#x434;&#x435;&#x43B; "&#x421;&#x43F;&#x435;&#x446;. &#x438;&#x441;&#x442;. &#x434;&#x438;&#x441;&#x446;&#x438;&#x43F;&#x43B;&#x438;&#x43D;&#x44B;", &#x426;&#x435;&#x43D;&#x442;&#x440; "&#x41F;&#x430;&#x43B;&#x435;&#x43E;&#x433;&#x440;&#x430;&#x444;&#x438;&#x44F;, &#x43A;&#x43E;&#x434;&#x438;&#x43A;&#x43E;&#x43B;&#x43E;&#x433;&#x438;&#x44F;, &#x434;&#x438;&#x43F;&#x43B;&#x43E;&#x43C;&#x430;&#x442;&#x438;&#x43A;&#x430;"</subfield>
  </datafield>
  <datafield tag="320" ind1=" " ind2=" ">
    <subfield code="a">&#x411;&#x438;&#x431;&#x43B;&#x438;&#x43E;&#x433;&#x440;. &#x432; &#x43F;&#x43E;&#x434;&#x441;&#x442;&#x440;&#x43E;&#x447;. &#x43F;&#x440;&#x438;&#x43C;&#x435;&#x447;.</subfield>
  </datafield>
  <datafield tag="606" ind1=" " ind2=" ">
    <subfield code="a">&#x412;&#x441;&#x43F;&#x43E;&#x43C;&#x43E;&#x433;&#x430;&#x442;&#x435;&#x43B;&#x44C;&#x43D;&#x44B;&#x435; &#x438;&#x441;&#x442;&#x43E;&#x440;&#x438;&#x447;&#x435;&#x441;&#x43A;&#x438;&#x435; &#x434;&#x438;&#x441;&#x446;&#x438;&#x43F;&#x43B;&#x438;&#x43D;&#x44B;</subfield>
    <subfield code="j">&#x421;&#x431;&#x43E;&#x440;&#x43D;&#x438;&#x43A;&#x438;</subfield>
    <subfield code="9">1142435</subfield>
    <subfield code="3">RU\NLR\auth\66136437</subfield>
  </datafield>
  <datafield tag="686" ind1=" " ind2=" ">
    <subfield code="a">&#x422;2&#x44F;43</subfield>
  </datafield>
  <datafield tag="702" ind1=" " ind2="1">
    <subfield code="4">340</subfield>
    <subfield code="7">ca</subfield>
    <subfield code="8">rus</subfield>
    <subfield code="a">&#x41A;&#x43E;&#x43D;&#x43E;&#x432;&#x430;&#x43B;&#x43E;&#x432;&#x430;</subfield>
    <subfield code="b">&#x418;. &#x413;.</subfield>
    <subfield code="f">1954-</subfield>
    <subfield code="g">&#x418;&#x440;&#x438;&#x43D;&#x430; &#x413;&#x435;&#x43D;&#x43D;&#x430;&#x434;&#x438;&#x435;&#x432;&#x43D;&#x430;</subfield>
    <subfield code="9">203781</subfield>
    <subfield code="3">RU\NLR\AUTH\770203832</subfield>
  </datafield>
  <datafield tag="702" ind1=" " ind2="1">
    <subfield code="4">570</subfield>
    <subfield code="7">ca</subfield>
    <subfield code="8">rus</subfield>
    <subfield code="a">&#x424;&#x43E;&#x43D;&#x43A;&#x438;&#x447;</subfield>
    <subfield code="b">&#x411;. &#x41B;.</subfield>
    <subfield code="f">1938-2021</subfield>
    <subfield code="g">&#x411;&#x43E;&#x440;&#x438;&#x441; &#x41B;&#x44C;&#x432;&#x43E;&#x432;&#x438;&#x447;</subfield>
    <subfield code="9">146840</subfield>
    <subfield code="3">RU\NLR\AUTH\770146876</subfield>
  </datafield>
  <datafield tag="712" ind1="0" ind2="2">
    <subfield code="4">570</subfield>
    <subfield code="a">&#x418;&#x43D;&#x441;&#x442;&#x438;&#x442;&#x443;&#x442; &#x432;&#x441;&#x435;&#x43E;&#x431;&#x449;&#x435;&#x439; &#x438;&#x441;&#x442;&#x43E;&#x440;&#x438;&#x438;</subfield>
    <subfield code="c">&#x41C;&#x43E;&#x441;&#x43A;&#x432;&#x430;</subfield>
    <subfield code="b">&#x426;&#x435;&#x43D;&#x442;&#x440; "&#x41F;&#x430;&#x43B;&#x435;&#x43E;&#x433;&#x440;&#x430;&#x444;&#x438;&#x44F;, &#x43A;&#x43E;&#x434;&#x438;&#x43A;&#x43E;&#x43B;&#x43E;&#x433;&#x438;&#x44F;, &#x434;&#x438;&#x43F;&#x43B;&#x43E;&#x43C;&#x430;&#x442;&#x438;&#x43A;&#x430;"</subfield>
    <subfield code="3">RU\NLR\AUTH\8810052852</subfield>
    <subfield code="9">606126</subfield>
  </datafield>
  <datafield tag="801" ind1=" " ind2="0">
    <subfield code="a">RU</subfield>
    <subfield code="b">NLR</subfield>
    <subfield code="c">20130603</subfield>
    <subfield code="g">RCR</subfield>
  </datafield>
  <datafield tag="801" ind1=" " ind2="1">
    <subfield code="a">RU</subfield>
    <subfield code="b">NLR</subfield>
    <subfield code="c">20130603</subfield>
  </datafield>
  <datafield tag="942" ind1=" " ind2=" ">
    <subfield code="c">BOOK</subfield>
  </datafield>
  <datafield tag="980" ind1=" " ind2=" ">
    <subfield code="a">NBR</subfield>
  </datafield>
</record>
